Saturday Night Live Trivia Easy to Hard Quiz Stats

 Plays Quiz not verified by Sporcle

Support Sporcle.
Go Orange.
Score 0/36 Timer 10:00
0 Plays Today
Question Answer % Correct
(Easy) What network is SNL on?NBC
94.9%
(Easy) What year did SNL start?1975
94.4%
(Easy) Who played Garth Algar?Dana Carvey
85.5%
(Medium) Who was the first, and only to date, female head writer?Tina Fey
75.8%
(Easy) Who hosted the first SNL?George Carlin
74.1%
(Easy) Steve Martin and who made up the Festrunk Brothers?Dan Aykroyd
72.7%
(Easy) Who was the longest running cast member?Darrell Hammond
71.6%
(Easy) What was the first movie based after an SNL skit?The Blues Brothers
70.9%
(Easy) 'I'm _____ _____ and you're not'Chevy Chase
68.3%
(Medium) Who plays club kid Stefon?Bill Hader
64.8%
(Medium) What president had the most impersonators?Ronald Reagan
61.1%
(Medium) What year did Lorne Michaels return to SNL?1985
60.1%
(Medium) What 'Little Rascal' was 'shot'?Buckwheat
58.3%
(Easy) What studio does SNL tape in?Studio 8H
56.2%
(Medium) What cast member's father was also a cast member?Abby Elliott
53.4%
(Medium) What cast member did host Chevy Chase get into a fistfight with moments before air time? Bill Murray
47.1%
(Easy) What cast member had a reoccurring skit of themselves hosting a talk show?Chris Farley
46.6%
(Medium) Who was the youngest cast member ever?Anthony Michael Hall
46.2%
Question Answer % Correct
(Hard) Who said 'Live From New York' the most times?Darrell Hammond
38.9%
(Hard) What musical guest was banned for switching songs during performance?Elvis Costello
34.5%
(Hard) What was the lowest grossing SNL movie?It's Pat
34.3%
(Medium) Who anchored Weekend Update after Jane Curtain left?Charles Rocket
28%
(Medium) What cast member was the first one born after the show's premiere?Kenan Thompson
26.6%
(Hard) What cast member had already been nominated for an Oscar before joining SNL?Randy Quaid
22.8%
(Medium) In what city did the only SNL film outside New York?New Orleans
21.4%
(Hard) What song did the above artist sing instead?Radio, Radio
21.2%
(Medium) Who spoke the first word on SNL?Michael O'Donoghue
17.9%
(Hard) What famous director took over for an episode in 1986?Francis Ford Coppola
14%
(Hard) Prior to joining the SNL Band, GE Smith was guitarist for who?Hall and Oates
12.1%
(Hard) What cast member was fired only to come back two months later to perform stand up?Damon Wayans
9.6%
(Hard) After Season 11, Nora Dunn, Dennis Miller, Jon Lovitz and this member returned for Season 12?A. Whitney Brown
7%
(Hard) In the skit 'Jeffrey's' what kind of car does Horatio Sanz drive?Toyota Tercel
4%
(Hard) What cast member was credited but never appeared on an episode?Emily Prager
4%
(Hard) Who took over for Don Pardo when he briefly left?Mel Brandt
3.7%
(Hard) Michael O'Donoghue wrote a sketch, that was ultimately turned down, to fire who on air?Don Pardo
2.3%
(Hard) Who owned the balcony seats in the SNL studios?George Steinbrenner
2.3%

You're not logged in!

Compare scores with friends on all Sporcle quizzes.
OR
Log In

From the Vault

Southern US Presidents

by xant_spectro

These are the Presidents who got y'all to vote for them.
Remove Ads.
Support Sporcle.
Get the best of Sporcle when you Go Orange. This ad-free experience offers more features, more stats, and more fun while also helping to support Sporcle. Thank you for becoming a member.

Show Comments

Extras

Top Quizzes Today


Score Distribution

Your Account Isn't Verified!

In order to create a playlist on Sporcle, you need to verify the email address you used during registration. Go to your Sporcle Settings to finish the process.

Report this User

Report this user for behavior that violates our Community Guidelines.

Details: